Disputaciones Metafísicas

Αποθηκεύτηκε σε:
Λεπτομέρειες βιβλιογραφικής εγγραφής
Κύριος συγγραφέας: Suárez, Francisco
Μορφή: Βιβλίο
Γλώσσα:Undetermined
Έκδοση: Madrid, España Editorial Gredos 1960
Θέματα:
Ετικέτες: Προσθήκη ετικέτας
Δεν υπάρχουν, Καταχωρήστε ετικέτα πρώτοι!

MARC

LEADER 00000nam a2200000Ia 4500
008 170316s9999 xx 000 0 und d
090 |a 100 S-69d v.2 
100 |a Suárez, Francisco 
245 |a Disputaciones Metafísicas 
260 |a Madrid, España 
260 |b Editorial Gredos 
260 |c 1960 
300 |a 798 páginas Vol. II. 
650 |a FILOSOFÍA 
999 |c 17709  |d 17709 
040 |a cru BVZT 
942 |c 15 D  |h 100 S-69d v.2  |2 z